| 000 | 00359nam a2200157Ia 4500 | ||
|---|---|---|---|
| 003 | Ost | ||
| 005 | 20260225132541.0 | ||
| 008 | 260225s9999||||xx |||||||||||||| ||und|| | ||
| 040 | _cfsic | ||
| 041 | _afre | ||
| 082 | _a16 | ||
| 100 |
_aLouise-noelle Malclés _eAuteur |
||
| 245 | 0 | _aLa Bibliographie / | |
| 245 | 0 | _cLouise-noelle Malclés | |
| 942 | _cكتاب | ||
| 999 |
_c33547 _d33547 |
||